|
|
|
|
| LEADER |
01369nam a2200265 a 4500 |
| 001 |
GR-MES2552 |
| 008 |
991111s1987 gr 000 0 gre d |
| 020 |
|
|
|a 960209253X
|
| 040 |
|
|
|a GrPaTEI
|b gre
|c GR-PaULI
|
| 100 |
1 |
|
|a Wessels, Walter J.
|
| 245 |
1 |
0 |
|a Οικονομική =
|b Economics.
|
| 250 |
|
|
|a 2η αμερ.εκδ.
|
| 260 |
|
|
|a Αθήνα :
|b Κλειδάριθμος,
|c 1987
|
| 300 |
|
|
|a 628σελ. :
|b διαγρ.
|
| 490 |
0 |
|
|a Σειρά οικονομία και επιχείρηση
|
| 500 |
|
|
|a περιέχει ευρετήριο
|
| 650 |
|
4 |
|a επιχειρησεις
|x οικονομικα
|
| 650 |
|
4 |
|a ΜΑΚΡΟΟΙΚΟΝΟΜΙΑ
|
| 650 |
|
4 |
|a Πληθωρισμός
|
| 942 |
|
|
|2 ddc
|
| 952 |
|
|
|0 0
|1 0
|2 ddc
|4 0
|6 330_100000000000000_WES
|7 0
|9 266949
|a MSLG
|b MSLG
|c BSC
|d 2021-01-17
|e 24
|f 0
|g 0.00
|l 0
|o 330.1 WES
|p 2420000007153
|r 2021-01-17 00:00:00
|t 1
|w 2021-01-17
|y BK15
|x 19991111 0 1
|x GrPaTEI
|
| 952 |
|
|
|0 0
|1 0
|2 ddc
|4 0
|6 330_100000000000000_WES
|7 0
|9 266950
|a MSLG
|b MSLG
|c BSC
|d 2021-01-17
|e 24
|f 0
|g 0.00
|l 0
|o 330.1 WES
|p 2420000007204
|r 2021-01-17 00:00:00
|t 1
|w 2021-01-17
|y BK15
|x 20051103 0 1
|x GrPaTEI
|
| 952 |
|
|
|0 0
|1 0
|2 ddc
|4 0
|6 330_100000000000000_WES
|7 0
|9 266951
|a MSLG
|b MSLG
|c BSC
|d 2021-01-17
|e 24
|f 0
|g 0.00
|l 0
|o 330.1 WES
|p 2420000020089
|r 2021-01-17 00:00:00
|t 1
|w 2021-01-17
|y BK15
|x 20051103 0 1
|x GrPaTEI
|
| 971 |
|
|
|a .b25735974
|b 16-04-20
|c 13-09-16
|
| 999 |
|
|
|c 153637
|d 153637
|